00646nam a2200205Ia 4500003000400000008004100004020002300045040000800068100002000076245005500096260003000151300001000181365001200191901002100203902003400224903005700258942001200315952009600327999001700423LDD181029s9999 xx 000 0 und d a415701961cP 22.99 cLDD aBarron, John M. 0aUnderstanding Macroeconomic TheorycJohn M. Barron aNew YorkbRoutledgec2006 a234p. bP 22.99 a3404b20-10-2006 a11411b15-11-2006cFdGBHe33 aDiscount-10bReqst by : Madhu Bala(Dr. Mrs.)  2ddccBK 00102ddc4070976474aLDDbLDDl0o339 B278Up059803r2018-11-01v1988.17w2018-11-01yBK c76475d76475